000 00802nam a22002537a 4500
999 _c11181
_d11181
003 AR-CdUCM
008 190403b ||||| |||| 00| 0 spa d
020 _a84-372-1308-8
040 _aMUNICIPALIDAD PROVINCIAL DEL CUSCO
_cBIBLIOTECA MUNICIPAL DEL CUSCO
041 _hit.
082 _aEP / 108 /
_bP15
100 _aPalazzi, Fernando
_928242
245 _aEnciclopedia de la fabula /
260 _aBuenos Aires :
_bEdic.UTHEA,
_c1959.
300 _a632 paginas ;
_bIlustraciones,
_c24 cm.
440 _aFabulas y leyendas de Asia
_928406
505 _aContenido :Enciclopedia de la fabula /
650 _aEducación primaria
_91561
650 _aEnciclopedia
_918075
650 _aFabula
_928407
700 _aJose Maria Valverde (traductor)
_928408
942 _2ddc
_cLIBROS
945 _arjall